Sports Quiz

Random Sports or Football Quiz
Score 0/10 Timer 05:00
0 Plays Today
Team (season) Player % Correct
Norwich City (2018/2019)Teemu Pukki
100%
Fulham (2017/2018)Ryan Sessegnon
53.8%
Southampton (2011/2012)Rickie Lambert
46.2%
Newcastle (2009/2010)Kevin Nolan
46.2%
Brighton & Hove Albion (2016/2017)Anthony Knockaert
38.5%
Watford (2012/2013)Matej Vydra
30.8%
Queen Park Rangers (2010/2011)Adel Taarabt
23.1%
Burnley (2015/2016)Andre Gray
15.4%
Middlesbrough (2014/2015)Patrick Bamford
15.4%
Burnley (2013/2014)Danny Ings
15.4%

You're not logged in!

Compare scores with friends on all Sporcle quizzes.
OR
Log In

Sporcle TV

Today on Sporcle TV


Watch our educational content, quiz creation guides, and fun videos on Sporcle TV.

Show Comments

Extras

Top Quizzes Today


Score Distribution

Paid Content

Your Account Isn't Verified!

In order to create a playlist on Sporcle, you need to verify the email address you used during registration. Go to your Sporcle Settings to finish the process.

Report this User

Report this user for behavior that violates our Community Guidelines.

Details: